Podpísali protokol

Bibliographic Details
Format: Article
Language:Slovak
Subjects:

MARC

LEADER 00000nab a2200000 a 4500
001 vtls000123391
003 SK-MaSNL
005 20260304040252.0
008 111104c1982 xo 0 slo
015 |a SNBRB19rr/mm-uuuuu 
035 |a CL0133496 
040 |a SNKBUCL  |b slo  |c SNKBUCL  |e AACR2 
041 0 |a slo 
044 |a xo  |c SK 
080 |a 339.5  |2 1981 
245 0 0 |a Podpísali protokol 
650 0 7 |a zahraničný obchod  |2 snkbucl  |9 2200 
650 0 7 |a ČSSR  |2 snkbucl  |9 335647 
651 7 |a Argentína  |2 snkbucl  |9 21358 
655 7 |a články z novín a časopisov  |2 snkbucl  |9 267496 
773 0 |t Pravda  |g Roč. 63, č. 228 (25. 9. 1982), s. 1 
850 |a Slovenská národná knižnica v Martine  |a MTA001 
852 |a SNK  |b KIS3GCP 
958 |a RK 
992 |a RBX 
999 |c 2662369  |d 2664299